Capital and Country Mix-Up #1 - Statistics

General Stats
  • This quiz has been taken 660 times
  • The average score is 21 of 26
Answer Stats
Hint Answer % Correct
Osway Oslo, Norway
100%
Athece Athens, Greece
98%
Lisugal Lisbon, Portugal
97%
Londom London, UK
97%
Brusium Brussels, Belgium
96%
Budgary Budapest, Hungary
95%
Jerael Jerusalem, Israel
94%
Mossia Moscow, Russia
94%
Buchania Bucharest, Romania
93%
Ankkey Ankara, Turkey
92%
Bagaq Baghdad, Iraq
92%
Reykland Reykjavik, Iceland
90%
Riyabia Riyadh, Saudi Arabia
89%
Rabocco Rabat, Morocco
88%
Tallonia Tallinn, Estonia
85%
Musman Muscat, Oman
78%
Dakegal Dakar, Senegal
77%
Addopia Addis Ababa, Ethiopia
76%
Yerenia Yerevan, Armenia
72%
Accana Accra, Ghana
70%
Luanola Luanda, Angola
69%
Jubudan Juba, South Sudan
62%
Lusambia Lusaka, Zambia
62%
Mapique Maputo, Mozambique
59%
Dodania Dodoma, Tanzania
56%
Nouatania Nouakchott, Mauritania
51%
No matching quizzes found
Score Distribution
Percent of People with Each Score
Percentile by Number Answered
Your Score History
You have not taken this quiz